000 00460nam a2200181Ia 4500
001 18517
005 20260306171636.0
008 260306s9999||||xx |||||||||||||| ||und||
041 _aESP
082 _a658.406
_bS66
100 _aSoldevila, Lluís
_eAUT
245 0 _aDigital thinking:
_bLidera con éxito la transformación digital
260 _c2019
300 _a129 páginas :
_c18 cm.
650 _aGEN
654 _aCAN
942 _cLIB
_dJUS
_fJUS
_2ddc
_n
999 _c18517
_d18517